000 00274nam a22001217a 4500
020 _a0-333-333-446
082 _a621.382 COA
100 _aCOATS.R.F.W
_974165
245 _aMODERN COMMUNICAITON SYSTEM
260 _aLONDON
_bMACMILLAN
_c1983
300 _a398P
942 _cBK
999 _c579726
_d579726